| 000 | 00634nam a2200205 4500 | ||
|---|---|---|---|
| 001 | 124055 | ||
| 003 | ES-MaACL | ||
| 005 | 20231220202827.0 | ||
| 007 | t| | ||
| 008 | 070214s1953 sp r ||||1| spa d | ||
| 100 | 1 |
_aRamón y Cajal, Santiago, _d1852-1934 _9226468 |
|
| 245 | 1 | 0 |
_aManual de anatomía patológica / _cpor S. Ramón y Cajal y J.F. Tello y Muñoz. |
| 250 | _a12ª ed. | ||
| 260 |
_aBarcelona : _bCientífico-Médica, _c1953. |
||
| 300 |
_a586 p. ; _c25 cm. |
||
| 650 | 4 |
_aAnatomía patológica. _99806 |
|
| 700 | 1 |
_aTello Muñoz, Jorge Francisco. _9109658 |
|
| 852 |
_aES-MaACL _jE-1413 |
||
| 999 |
_c124055 _d124055 |
||